000 00620nam a22001695i 4500
001 152030
003 ES-MaACL
005 20230906204512.0
008 051011m18761880it | |||||||| ||ita d
040 _aCAM
_bspa
_cCAM
100 1 _aBertocci, Giuseppe.
_9125966
245 1 0 _aRepertorio bibliografico delle opere stampate in Italia nel secolo XIX /
_ccompilato da Giuseppe Bertocci.
260 _aRoma :
_b[s.n.],
_c1876-1880 (
_fTipografia di Mario Armanni)
300 _a2 v. (pag, var.) ;
_c22 cm.
651 4 _aItalia-
_xHistoria-
_vBibliografía.
_9158271
852 _aES-MaACL
_jB-2028-29
_z-- Enc. pasta española
999 _c152030
_d152030